Mechanické, hydraulické a hydromechanické prenosy
Salvato in:
| Autori principali: | , |
|---|---|
| Natura: | Libro |
| Lingua: | slovacco |
| Pubblicazione: |
Žilina :
Žilinská univerzita,
1999
|
| Edizione: | 1. vyd. |
| Soggetti: | |
| Accesso online: | OBSAH |
| Tags: |
Nessun Tag, puoi essere il primo ad aggiungerne!!
|
MARC
| LEADER | 00000nam a22000003a 4500 | ||
|---|---|---|---|
| 001 | stu51126 | ||
| 005 | 20150617225705.8 | ||
| 008 | 991129s1999----xo------------------slo-d | ||
| 020 | |a 80-7100-513-4 | ||
| 040 | |a STU |b slo | ||
| 041 | 0 | |a slo | |
| 044 | |a xo | ||
| 080 | |a 621.82/.83 |7 stu_us_auth*stu10876 | ||
| 100 | 1 | |a Málik, Ladislav |4 aut | |
| 245 | 1 | |a Mechanické, hydraulické a hydromechanické prenosy | |
| 250 | |a 1. vyd. | ||
| 260 | |a Žilina : |b Žilinská univerzita, |c 1999 | ||
| 300 | |a 417 s | ||
| 650 | 7 | |a prevody mechanické |2 stusub | |
| 700 | 1 | |a Kučera, Ľubos |4 aut | |
| 856 | 4 | |a https://sweb.mtf.stuba.sk/obsahy/mechanicke_hydraulicke_a_hydromechanicke_prenosy_99.pdf |u https://sweb.mtf.stuba.sk/obsahy/mechanicke_hydraulicke_a_hydromechanicke_prenosy_99.pdf |3 OBSAH | |
| 996 | |b 284J005344 |c J*98451 |l JJSK |s A |a 24 |w stu51126_0001 | ||
| 996 | |b 284J005343 |c J*98450 |l JJSK |s A |a 24 |w stu51126_0002 | ||
| 996 | |b 284J003763 |c J*97790 |l JJK9 |s P |a 0 |w stu51126_0003 | ||
| 996 | |b 284J002030 |c J*96871 |l JJK2 |s P |a 0 |w stu51126_0004 | ||
| 996 | |b 284J002028 |c J*96869 |l JJK2 |s P |a 0 |w stu51126_0005 | ||
| 996 | |c J*96554 |l JJK9 |s P |a 0 |w stu51126_0006 | ||
| 996 | |b 284J001472 |c J*96192 |l JJST |s P |a 0 |w stu51126_0007 | ||
| 996 | |b 284J001473 |c J*96193 |l JJSK |s A |a 24 |w stu51126_0008 | ||
| 996 | |b 284J001476 |c J*96196 |l JJSK |s A |a 24 |w stu51126_0009 | ||
| 996 | |b 284J001477 |c J*96197 |l JJSK |s A |a 24 |w stu51126_0010 | ||
| 996 | |b 284J001478 |c J*96198 |l JJSK |s A |a 24 |w stu51126_0011 | ||
| 996 | |b 284J001479 |c J*96199 |l JJSK |s A |a 24 |w stu51126_0012 | ||
| 996 | |b 284J001480 |c J*96200 |l JJSK |s A |a 24 |w stu51126_0013 | ||
| 996 | |b 284M033647 |c M*10831-1 |l MMST |s A |a 24 |w stu51126_0014 | ||
| 996 | |b 284M033648 |c M*10831-2 |l MMKN |s A |a 24 |w stu51126_0015 | ||
| 996 | |b 284J001481 |c J*96201 |l JJSK |s A |a 24 |w stu51126_0016 | ||
| 996 | |b 284J002029 |c J*96870 |l JJK2 |s P |a 0 |w stu51126_0017 | ||
| 996 | |b 284J001474 |c J*96194 |l JJSK |s A |a 24 |w stu51126_0018 | ||
| 996 | |b 284J001475 |c J*96195 |l JJSK |s A |a 24 |w stu51126_0019 | ||